000 01497nam a2200313 a 4500
001 25651
003 CO-ViMGA
008 141112s2004 ck r 000 u spa d
020 _a9789584493378 (Obra Completa)
040 _aCO-ViMGA
_bspa
_cCO-ViMGA
041 _aSPA
090 _aN INM1
245 1 0 _aInmigrantes, 1 colección
260 _aBogotá :
_bEl Peregrino,
_c2011
300 _a5 v.
505 _av.1 Sueños de 99 centavos / Alain de Beaufort - - v.2 Creencias de un reconquistador / Jaime Arracó Montoliu - - v.3 El oso y el madroño / Adriana V. López - - v.4 Días breves / Catalina Holguín - - v.5 A un paso de Juárez / Joseph Avski
650 1 4 _aEMIGRACION E INMIGRACION - NOVELA
_939395
650 1 4 _aINMIGRANTES - NOVELA
_939396
650 1 4 _aNOVELA HISPANOAméricaNA - COLECCIONES
_939397
650 1 4 _aVIAJES - NOVELA
_92132
700 1 _aAdriana V., López Holguín, Catalina Avski, Joseph, 1980 - Beaufort, Alain Arracó Montoliu, Jaime Nicolás Florentino
_939398
700 1 _aAdriana V., López. El oso y el madroño
_939399
700 1 _aArracó Montoliu, Jaime Nicolás Florentino. Creencias de un reconquistador
_939400
700 1 _aAvski, Joseph. A un paso de Juárez
_939401
700 1 _aBeaufort, Alain. Sueños de 99 centavos
_939402
700 1 _aHolguín, Catalina. Días breves
_939403
740 _aEl oso y el madroño \ Días breves \ A un paso de Juárez \ Sueños de 99 centavos \ Creencias de un reconquistador
942 _2ddc
_cBK
999 _c5224
_d5224